| 000 | 00376nam a2200157Ia 4500 | ||
|---|---|---|---|
| 003 | OSt | ||
| 005 | 20240311160434.0 | ||
| 008 | 170524s9999 xx 000 0 und d | ||
| 020 | _a978-8182040007 | ||
| 040 | _cIIMTU MEERUT | ||
| 100 | _aNegi- Jagmohan | ||
| 245 | 0 | _aFood & beverage laws : Food safety and hygience | |
| 260 | _bAman Pub | ||
| 260 | _c2004 | ||
| 942 |
_2ddc _c02 |
||
| 999 |
_c7365 _d7365 |
||